Places in Wyoming - sudden death - Statistics

General Stats
  • This quiz has been taken 58 times
  • The average score is 10 of 25
Answers on the Grid
Answers color-coded by a green-red scale on the quiz's grid according to % correct below.
Yellowstone
Graceland
Jackson Pollock's birthplace
Zion National Park
Big Horn Mountains
Cheyenne
A seaport
Snake River
Folkestone Marine Reserve
Triceratops fossil sites
Son Doong Cave
Grand Tetons
Land below sea level
Bynack More
IMF headquarters
Devils Tower
Josh Allen's college
Milwaukee
Jenin
Gannett Peak
Casper
Euboea
Halmahera Island
North Platte River
Naushki
Phokeng
Pic Carlit
Jackson Hole
Wind River Reservation
An infrared telescope
Eden Gardens
Seogwipo
Site of Butch Cassidy's ranch
Red Desert
Mosset
Rifu
Palmerston Park
Laramie
A border with Utah
Sungai Petani
Sidi Bel Abbès
Burnt Horse Creek
Little Bighorn battlefield
Gillette
Teresina
Green River Intergalactic Spaceport
Sundance
A border with Kansas
Hsinchu
Carlisle Bay
Connor Battlefield
Ismailia
Close Encounters of the Third Kind filming location
Old Fathful
 
Answer Stats
Answer % Correct
Yellowstone
91%
Cheyenne
83%
Casper
70%
Jackson Hole
65%
Grand Tetons
61%
Laramie
61%
A border with Utah
52%
Devils Tower
48%
Big Horn Mountains
43%
Gillette
43%
Snake River
43%
Jackson Pollock's birthplace
39%
Josh Allen's college
39%
Old Fathful
39%
Wind River Reservation
39%
North Platte River
35%
Triceratops fossil sites
35%
Gannett Peak
30%
Site of Butch Cassidy's ranch
26%
Sundance
26%
Close Encounters of the Third Kind filming location
22%
Green River Intergalactic Spaceport
17%
Red Desert
17%
Connor Battlefield
13%
An infrared telescope
4%
No matching quizzes found
Score Distribution
Percent of People with Each Score
Percentile by Number Answered
Your Score History
You have not taken this quiz